Obálka Náhled e-knihy:
Epub
Pro půjčování e-knih musíte být přihlášeni.
Jak si půjčit online?

Cesta k vyrovnanému životu /

Díky této pozoruhodné knize   - pochopíte, že poznáním příčin konfliktů člověk nachází cesty, jak se jim v budoucnu vyhnout. - objevíte, jak je důležité odkrýt skryté konflikty a vynést je na povrch. - seznámíte se s pravidly, jak řešit konfliktní situace produktivním způsobem. - naučíte se...

Celý popis

Uloženo v:
Hlavní autor: & Associates, Inc., (Autor)
Médium: E-kniha
Jazyk:Czech
Vydáno: Praha : Nakladatelství Práh s.r.o., 2014
Tagy:
Žádné tagy
LEADER 02002nam a22002297i 4500
001 308848
007 ta
008 260601s2014 xr ||||| |||| 00| 0 cze d
020 |a 9788072525416 
044 |a xr 
100 1 |a  & Associates, Inc.,   |4 aut 
245 1 0 |a Cesta k vyrovnanému životu /  |c  & Associates, Inc.,  
264 1 |a Praha :  |b Nakladatelství Práh s.r.o.,  |c 2014 
300 |a 1 online zdroj (164 stran) 
336 |a text  |b txt  |2 rdacontent 
337 |a bez média  |b n  |2 rdamedia 
338 |a online zdroj  |b cr  |2 rdacarrier 
520 2 |a Díky této pozoruhodné knize   - pochopíte, že poznáním příčin konfliktů člověk nachází cesty, jak se jim v budoucnu vyhnout. - objevíte, jak je důležité odkrýt skryté konflikty a vynést je na povrch. - seznámíte se s pravidly, jak řešit konfliktní situace produktivním způsobem. - naučíte se zvládat konflikty, aniž by to u druhých vyvolalo odpor. - objevíte, jak se dají rozpoznat u druhých jejich „spouštěče“, a dozvíte se, jak nakládat s nesouhlasem. - naučíte se nahlížet na konflikt očima druhé strany, abyste mohli předkládat svá stanoviska přijatelnějším způsobem. Každý konflikt, který v životě musíme řešit, má v sobě pozitivní i negativní potenciál. Může být zdrojem inspirace, prozření, poučení, přeměny a růstu – nebo může být zdrojem zlosti, strachu, zahanbení, může se stát pastí nebo vyvolat odpor. V co se takový konflikt promění, o tom nerozhoduje náš protivník, ale my sami, naše ochota se s tímto konfliktem vypořádat a poučit se z něj. 
910 |a RBIT002 
998 |d 149962  |a https://core.palmknihy.cz/api/books/149962/cover?q54ei0  |b https://core.palmknihy.cz/api/books/149962/cover/400?s1wwdf  |c https://core.palmknihy.cz/api/books/149962/cover/50?hhasoe  |e 2027-11-22  |g 164  |i 9788072525416  |j https://core.palmknihy.cz/api/books/149962/preview.epub  |l   |q 49  |r 1  |s https://www.palmknihy.cz/kniha/149962  |t ebook  |y 2014  |z 1 
999 |d 308846